000 00410nam a2200181Ia 4500
008 210210b1911 xxu||||| |||| 00| 0 eng d
041 _aeng
082 _a822/413
100 _aFOWLER (J H)
245 _aBook of english prose
260 _aLondon
_bMacmillan & Co. Ltd.
_c1911
650 _aprose
650 _aof
650 _aenglish
650 _aBook
690 _aEnglish Prose
906 _a012599
999 _c131407
_d131407